|
|
|
|
| LEADER |
00000cam a2200000 7i4500 |
| 001 |
0000029195 |
| 005 |
20241126.0 |
| 008 |
210420 my a may |
| 020 |
|
|
|a 9789671601006
|
| 040 |
|
|
|a INS
|b eng
|e rda
|
| 090 |
0 |
0 |
|a BP173.75
|b A46 2018
|
| 100 |
0 |
|
|a Ahmad Zairul ,
|d 1983- ,
|e author
|
| 245 |
1 |
0 |
|a PEMBIAYAAN ISLAM :
|b Mengapa Wajib Pilih?
|c AHMAD ZAIRUL
|
| 264 |
|
1 |
|a Kuala Lumpur :
|b Pejuang Usahawan Sdn. Bhd.
|c 2018
|
| 300 |
|
|
|a iv, 155 pages :
|b colour illustrations ;
|c 20 cm.
|
| 336 |
|
|
|a text
|2 rdacontent
|
| 337 |
|
|
|a unmediated
|2 rdamedia
|
| 338 |
|
|
|a volume
|2 rdacarrier
|
| 500 |
|
|
|a Contains quotes from the Hadith
|
| 650 |
|
0 |
|a Economics
|x Religious aspects
|x Islam
|
| 650 |
|
0 |
|a Finance
|z Malaysia
|
| 650 |
|
0 |
|a Monetary policy
|z Malaysia
|
| 999 |
|
|
|a 1000004151
|b BOOK
|c Open Shelf
|e Default branch
|